000 00367 a2200157 4500
001 70387
020 _a8590684504
040 _cAnchieta - Itaigara
100 _aSantos, Ana Lúcia de Souza
240 1 0 _aHistórias da vovó Ana
_lpor
245 1 0 _aHistórias da vovó Ana
300 _a59
362 0 _a2006
650 4 _aLiteratura infanto-juvenil
942 _cBK
999 _c70387
_d70387